000
00341nam a2200145Ia 4500
008
150201s2006 xx 000 0 und d
082
_a
612.015
_b
M06P
100
_a
PURI,DINESH
245
_a
TB OF MEDICAL BIOCHEMISTRY
250
_a
2ND
260
_b
ELSEVIER
_a
DELHI
_c
2006
300
_a
1-900
650
_a
BIOCHEMISTRY
942
_2
ddc
_c
BK
_0
8
999
_c
556
_d
556